<?xml version="1.0" encoding="UTF-8"?>
<record
    xmlns:xsi="http://www.w3.org/2001/XMLSchema-instance"
    xsi:schemaLocation="http://www.loc.gov/MARC21/slim http://www.loc.gov/standards/marcxml/schema/MARC21slim.xsd"
    xmlns="http://www.loc.gov/MARC21/slim">

  <leader>01273nam a22002777a 4500</leader>
  <controlfield tag="003">AR-RoUNCS</controlfield>
  <controlfield tag="005">20260306110322.0</controlfield>
  <controlfield tag="007">ta</controlfield>
  <controlfield tag="008">160804s2016    ag      r     001 f spa  </controlfield>
  <datafield tag="015" ind1=" " ind2=" ">
    <subfield code="a">AR-2016</subfield>
  </datafield>
  <datafield tag="020" ind1=" " ind2=" ">
    <subfield code="a">978-950-46-4910-6</subfield>
  </datafield>
  <datafield tag="040" ind1=" " ind2=" ">
    <subfield code="a">AR-BaBN</subfield>
    <subfield code="b">spa</subfield>
    <subfield code="c">AR-RoUNCS</subfield>
    <subfield code="e">aacr</subfield>
  </datafield>
  <datafield tag="044" ind1=" " ind2=" ">
    <subfield code="a">ag</subfield>
    <subfield code="c">ar-c</subfield>
  </datafield>
  <datafield tag="080" ind1="1" ind2=" ">
    <subfield code="a">82-312.4(82)</subfield>
    <subfield code="2">2016</subfield>
  </datafield>
  <datafield tag="100" ind1="1" ind2=" ">
    <subfield code="a">Garland, In&#xE9;s,</subfield>
    <subfield code="d">1960-</subfield>
    <subfield code="e">autora</subfield>
    <subfield code="4">aut</subfield>
  </datafield>
  <datafield tag="245" ind1="1" ind2="4">
    <subfield code="a">Los ojos de la noche /</subfield>
    <subfield code="c">In&#xE9;s Garland.</subfield>
  </datafield>
  <datafield tag="250" ind1=" " ind2=" ">
    <subfield code="a">1a ed.</subfield>
  </datafield>
  <datafield tag="260" ind1=" " ind2=" ">
    <subfield code="a">Ciudad Aut&#xF3;noma de Buenos Aires :</subfield>
    <subfield code="b">Loqueleo,</subfield>
    <subfield code="c">2016.</subfield>
  </datafield>
  <datafield tag="300" ind1=" " ind2=" ">
    <subfield code="a">155 p. ;</subfield>
    <subfield code="c">22 cm.</subfield>
  </datafield>
  <datafield tag="490" ind1="0" ind2=" ">
    <subfield code="a">Roja</subfield>
  </datafield>
  <datafield tag="520" ind1="3" ind2=" ">
    <subfield code="a">Para olvidarse de Pablo, Dalila se va de viaje con su hermana y unas amigas a un campamento al sur de la Argentina. All&#xED; se conecta con el paisaje id&#xED;lico, el silencio y la naturaleza. Pero un d&#xED;a se pierde en el bosque y conoce a Tharo, por quien se siente atra&#xED;da desde el primer instante. La presencia siniestra del se&#xF1;or Zasiok y su oscuro v&#xED;nculo con el pasado de Tharo convierten esas vacaciones en una intensa aventura, donde el peligro de la noche est&#xE1; al constante acecho. (Descripci&#xF3;n del editor)</subfield>
  </datafield>
  <datafield tag="650" ind1=" " ind2="7">
    <subfield code="2">embne</subfield>
    <subfield code="a">Literatura argentina</subfield>
  </datafield>
  <datafield tag="655" ind1=" " ind2="7">
    <subfield code="a">Novelas de suspense</subfield>
    <subfield code="2">embne</subfield>
  </datafield>
  <datafield tag="655" ind1=" " ind2="7">
    <subfield code="a">Novelas juveniles</subfield>
    <subfield code="2">embne</subfield>
  </datafield>
  <datafield tag="942" ind1=" " ind2=" ">
    <subfield code="2">udc</subfield>
    <subfield code="c">OG</subfield>
    <subfield code="n">0</subfield>
  </datafield>
  <datafield tag="999" ind1=" " ind2=" ">
    <subfield code="c">943</subfield>
    <subfield code="d">943</subfield>
  </datafield>
  <datafield tag="952" ind1=" " ind2=" ">
    <subfield code="0">0</subfield>
    <subfield code="1">0</subfield>
    <subfield code="2">udc</subfield>
    <subfield code="4">0</subfield>
    <subfield code="7">0</subfield>
    <subfield code="8">CG</subfield>
    <subfield code="a">ESOCIALES</subfield>
    <subfield code="b">ESOCIALES</subfield>
    <subfield code="d">2024-08-05</subfield>
    <subfield code="l">0</subfield>
    <subfield code="o">82-312.4(82) G233</subfield>
    <subfield code="p">001087</subfield>
    <subfield code="r">2024-08-05 00:00:00</subfield>
    <subfield code="w">2024-08-05</subfield>
    <subfield code="y">OG</subfield>
  </datafield>
</record>
